Cidades - Statistics

Estatísticas Gerais
  • Esse quiz foi jogado 82 vezes
  • A pontuação média é 9 de 15
Estatísticas das Respostas
Hint Resposta % Correto
É onde fica o Museu do Louvre Paris
92%
É onde fica o Cristo Redentor Rio de Janeiro
92%
É onde fica a Cidade Proibida Pequim
86%
É a casa da realeza britânica Londres
81%
É onde fica o prédio mais alto do mundo Dubai
77%
É conhecida pelos seus canais Veneza
77%
É a capital da Tailândia Bangkok
70%
É conhecida como a cidade que nunca dorme Nova York
64%
É a capital da Malásia Kuala Lumpur
61%
É onde fica a Sagrada Família Barcelona
55%
Fica na China e é uma das cidades mais populosas do mundo Hong Kong
52%
É conhecida pelo seu vinho Porto
34%
É conhecida pela ópera que fica na sua orla Sidney
30%
O país e a capital tem o mesmo nome Singapura
23%
É considerada a Las Vegas ocidental Macau
19%
Nenhum quiz correspondente encontrado
Distribuição das Pontuações
Porcentagem de Pessoas com Cada Pontuação
Percentil de Números Respondidos
Sua Pontuação Histórica
Você não jogou esse quiz